000 00895nam a22002297a 4500
999 _c64383
_d64383
005 20240530110728.0
008 150330s2007 ua adk g 000 0 ara d
017 _a2006/22933
_bمصر . دار الكتب المصرية
020 _a9774084047
040 _aEG-CaGPL
082 0 4 _221
_a005.3\
_bب أ
100 1 _aبايرنز ، ديفيد
245 1 0 _aاوتوكاد 2007 فور داميز /
_cتاليف ديفيد بايرنز ؛ ترجمة خالد العامرى
250 _aط.1
260 _aالقاهرة :
_bدار الفاروق للاستثمارات الثقافية ،
_c2007 .
300 _a519 ص. :
_bايض. ؛
_c24 سم.
650 0 4 _aالحاسبات الالكترونية
_xبرامج
650 0 4 _aاوتوكاد 2007 ( برامج حاسبات )
650 0 4 _aنظم المعلومات
942 _2ddc
_cBK